GETS Theological Seminary Library

佈道宣講手冊 (Record no. 19078)

MARC details
000 -LEADER
fixed length control field 00679nam a2200229Ia 4500
008 - FIXED-LENGTH DATA ELEMENTS--GENERAL INFORMATION
fixed length control field 200928s9999||||xx |||||||||||||| ||und||
020 ## - INTERNATIONAL STANDARD BOOK NUMBER
International Standard Book Number 9623220405
020 ## - INTERNATIONAL STANDARD BOOK NUMBER
International Standard Book Number 9789623220408
041 ## - LANGUAGE CODE
Language code of text/sound track or separate title chi
050 ## - LIBRARY OF CONGRESS CALL NUMBER
Classification number BV3790
Item number .B8 2006
245 #0 - TITLE STATEMENT
Title 佈道宣講手冊
Remainder of title /
Statement of responsibility, etc. 滕張佳音, 曾錫華主編
246 ## - VARYING FORM OF TITLE
Title proper/short title 佈道宣讲手册
Remainder of title /
260 ## - PUBLICATION, DISTRIBUTION, ETC.
Place of publication, distribution, etc. 香港 :
Name of publisher, distributor, etc. 世界華人福音事工聯絡中心,
Date of publication, distribution, etc. 2006
300 ## - PHYSICAL DESCRIPTION
Extent xi, 507 p.
Other physical details ;
Dimensions 19 cm.
Accompanying material 19 cm + 2 DVD (4 3/4").
490 ## - SERIES STATEMENT
Series statement 廿一世紀系列
650 ## - SUBJECT ADDED ENTRY--TOPICAL TERM
Topical term or geographic name entry element Evangelistic work.
650 ## - SUBJECT ADDED ENTRY--TOPICAL TERM
Topical term or geographic name entry element Preaching.
650 ## - SUBJECT ADDED ENTRY--TOPICAL TERM
Topical term or geographic name entry element Witness bearing (Christianity).
700 ## - ADDED ENTRY--PERSONAL NAME
Personal name 曾錫華
700 ## - ADDED ENTRY--PERSONAL NAME
Personal name 滕張佳音
Holdings
Withdrawn status Lost status Source of classification or shelving scheme Damaged status Not for loan Home library Current library Shelving location Date acquired Total Checkouts Full call number Barcode Date last seen Price effective from Koha item type Copy number
    Library of Congress Classification     GETS Theological Seminary Library GETS Theological Seminary Library General Stacks 08/25/2020   BV3790 .B8 2006 00006464 08/25/2020 08/25/2020 Chinese Book  
    Library of Congress Classification     GETS Theological Seminary Library GETS Theological Seminary Library General Stacks 09/28/2020   BV3790 .B8 2006 00016312 09/28/2020 09/28/2020 Chinese Book c. 2
OpacCredits

Contact the Librarian, GETS Library
Email: library@mygets.org









Implemented by GETS Library
(Powered by ETCA Professional Group)
GETS Theological Seminary
412 E. Rowland Street, CA 91723